[Event "Women Team Championship Preliminaries"]
[Site "Mulhouse"]
[Date "2016.05.08"]
[Round "5.1"]
[White "Cramling, Pia"]
[Black "Paehtz, Elisabeth"]
[Result "1/2-1/2"]
[WhiteElo "2471"]
[BlackElo "2489"]
[PlyCount "42"]
[EventDate "2016.05.05"]
[EventType "team"]
[EventRounds "5"]
[EventCountry "FRA"]
[WhiteTeam "Monaco"]
[BlackTeam "Mulhouse"]

1. Nf3 Nf6 2. c4 c6 3. d4 d5 4. Nc3 a6 5. c5 Nbd7 6. Bf4 Nh5 7. Bg5 h6 8. Bd2
Qc7 9. e4 dxe4 10. Nxe4 Ndf6 11. Nc3 Be6 12. Ne5 Rd8 13. Qa4 g6 14. Be2 Bg7 15.
O-O-O Ng4 16. Bxg4 Bxg4 17. f3 Be6 18. Rhe1 Qc8 19. Ne4 O-O 20. Ba5 Bxe5 21.
dxe5 Rd5 1/2-1/2

[Event "Women Team Championship Preliminaries"]
[Site "Mulhouse"]
[Date "2016.05.08"]
[Round "5.2"]
[White "Choisy, Mathilde"]
[Black "Chung, Mathilde"]
[Result "1/2-1/2"]
[WhiteElo "2181"]
[BlackElo "2165"]
[PlyCount "45"]
[EventDate "2016.05.05"]
[EventType "team"]
[EventRounds "5"]
[EventCountry "FRA"]
[WhiteTeam "Mulhouse"]
[BlackTeam "Monaco"]

1. e4 d5 2. exd5 Qxd5 3. Nc3 Qd6 4. g3 Nf6 5. Bg2 g6 6. d3 Bg7 7. Nf3 O-O 8.
O-O e5 9. Re1 Bg4 10. h3 Bxf3 11. Qxf3 c6 12. a3 Nbd7 13. Rb1 Nc5 14. Be3 Ne6
15. Re2 Rfd8 16. Rbe1 Nd5 17. Ne4 Qe7 18. h4 Nxe3 19. Qxe3 Nd4 20. Rd2 Nf5 21.
Qc5 Re8 22. c3 Qxc5 23. Nxc5 1/2-1/2

[Event "Women Team Championship Preliminaries"]
[Site "Mulhouse"]
[Date "2016.05.08"]
[Round "5.3"]
[White "Lomandong, Noela-Joyce"]
[Black "Richard, Emma"]
[Result "1-0"]
[WhiteElo "1807"]
[BlackElo "2086"]
[PlyCount "91"]
[EventDate "2016.05.05"]
[EventType "team"]
[EventRounds "5"]
[EventCountry "FRA"]
[WhiteTeam "Monaco"]
[BlackTeam "Mulhouse"]

1. g3 Nf6 2. Bg2 g6 3. Nf3 Bg7 4. c4 O-O 5. O-O d6 6. Nc3 c6 7. d3 a5 8. Rb1
Na6 9. a3 d5 10. cxd5 Nxd5 11. Bd2 Nac7 12. Qc1 Re8 13. Rd1 e5 14. Bh6 Ne6 15.
Bxg7 Kxg7 16. e4 Nxc3 17. bxc3 Nc5 18. Qe3 Qf6 19. Qxc5 Bg4 20. Qe3 b5 21. h3
Bxf3 22. Qxf3 Qe7 23. Ra1 c5 24. Qe3 Rac8 25. d4 exd4 26. cxd4 c4 27. d5 c3 28.
d6 Qd7 29. Rac1 c2 30. Rd2 f6 31. Rdxc2 Rxc2 32. Rxc2 Qxd6 33. Qc5 Qd8 34. Kh2
Re7 35. Qxb5 h5 36. h4 Rf7 37. Qc5 g5 38. hxg5 fxg5 39. Qe5+ Kh7 40. Rc5 h4 41.
gxh4 Rxf2 42. Rc7+ Kg6 43. Rg7+ Kh6 44. hxg5+ Kh5 45. Rh7+ Kg6 46. Qg7# 1-0

[Event "Women Team Championship Preliminaries"]
[Site "Mulhouse"]
[Date "2016.05.08"]
[Round "5.4"]
[White "Neuhauser, Salome"]
[Black "Berezovska, Svetlana"]
[Result "1-0"]
[WhiteElo "2082"]
[BlackElo "1823"]
[PlyCount "69"]
[EventDate "2016.05.05"]
[EventType "team"]
[EventRounds "5"]
[EventCountry "FRA"]
[WhiteTeam "Mulhouse"]
[BlackTeam "Monaco"]

1. e4 c5 2. Nf3 e6 3. d4 cxd4 4. Nxd4 a6 5. Nc3 Qc7 6. Be2 Nc6 7. Be3 Nf6 8. a3
Be7 9. O-O O-O 10. f4 d6 11. Bf3 Bd7 12. Kh1 Rac8 13. g4 Nxd4 14. Bxd4 Bc6 15.
g5 Nd7 16. Bg4 Nc5 17. Qe1 Rce8 18. b4 Na4 19. Nxa4 Bxa4 20. Rf3 e5 21. Bc3
exf4 22. Qh4 h6 23. Bf5 Bxg5 24. Qh5 Bd7 25. Rg1 Bxf5 26. exf5 Re3 27. Bxg7 Qc6
28. Bxh6 Qxf3+ 29. Qxf3 Rxf3 30. Rxg5+ Kh7 31. Bxf8 Rxa3 32. Bxd6 f3 33. Kg1
Rc3 34. Be5 Rxc2 35. Rh5+ 1-0

[Event "Women Team Championship Preliminaries"]
[Site "Mulhouse"]
[Date "2016.05.08"]
[Round "5.1"]
[White "Heinemann, Josefine"]
[Black "Brunello, Marina"]
[Result "1/2-1/2"]
[WhiteElo "2221"]
[BlackElo "2236"]
[PlyCount "116"]
[EventDate "2016.05.05"]
[EventType "team"]
[EventRounds "5"]
[EventCountry "FRA"]
[WhiteTeam "Clichy"]
[BlackTeam "Villepinte"]

1. e4 d6 2. d4 Nf6 3. Nc3 e5 4. Nf3 Nbd7 5. Bc4 Be7 6. a4 c6 7. O-O O-O 8. Ba2
b6 9. Re1 Qc7 10. h3 a6 11. Bg5 h6 12. Be3 Re8 13. Nh4 Rb8 14. Nf5 Bf8 15. Qf3
exd4 16. Bxd4 c5 17. Nxh6+ gxh6 18. Bxf6 Nxf6 19. Qxf6 Bg7 20. Qf3 c4 21. Nd5
Qc6 22. Nf6+ Bxf6 23. Qxf6 Re6 24. Qd8+ Kg7 25. Re3 Rg6 26. Qh4 Bb7 27. f4 Qc5
28. Rae1 Bxe4 29. g4 d5 30. Kh2 f5 31. R1e2 Rf8 32. Qg3 Qd6 33. Rf2 Kh7 34. c3
Rfg8 35. Re1 Qc5 36. Rfe2 fxg4 37. h4 h5 38. Bb1 Rd6 39. Bxe4+ dxe4 40. Rxe4
Rd2+ 41. R1e2 Rgd8 42. Qe3 Qxe3 43. R4xe3 Kg6 44. Re6+ Kf5 45. R6e5+ Kxf4 46.
R5e4+ Kf3 47. R4e3+ Kf4 48. Re4+ Kf5 49. Re5+ Kf6 50. Re6+ Kf7 51. Re7+ Kf8 52.
Kg3 R8d3+ 53. Kf4 Rf3+ 54. Kg5 Rxe2 55. Rxe2 g3 56. Rg2 Rf2 57. Rxg3 Rxb2 58.
Kxh5 b5 1/2-1/2

[Event "Women Team Championship Preliminaries"]
[Site "Mulhouse"]
[Date "2016.05.08"]
[Round "5.2"]
[White "Bellaiche, Elise"]
[Black "Afraoui, Anaelle"]
[Result "1/2-1/2"]
[WhiteElo "2075"]
[BlackElo "1952"]
[PlyCount "53"]
[EventDate "2016.05.05"]
[EventType "team"]
[EventRounds "5"]
[EventCountry "FRA"]
[WhiteTeam "Villepinte"]
[BlackTeam "Clichy"]

1. e4 c5 2. Nf3 Nc6 3. d4 cxd4 4. Nxd4 e5 5. Nb5 d6 6. N1c3 a6 7. Na3 Be7 8.
Nc4 b5 9. Ne3 Nf6 10. Ned5 O-O 11. g3 Be6 12. Bg2 b4 13. Nxf6+ Bxf6 14. Nd5 Bg5
15. Bxg5 Qxg5 16. O-O Rac8 17. a3 a5 18. axb4 axb4 19. Ra4 Bxd5 20. Qxd5 Nd4
21. Rxb4 Rxc2 22. Qxd6 Qd2 23. Rb6 Ne2+ 24. Kh1 Qxd6 25. Rxd6 Rxb2 26. Rd5 Re8
27. h4 1/2-1/2

[Event "Women Team Championship Preliminaries"]
[Site "Mulhouse"]
[Date "2016.05.08"]
[Round "5.3"]
[White "Bonvalot, Isabelle"]
[Black "Ionutiu, Adela"]
[Result "0-1"]
[WhiteElo "1908"]
[BlackElo "1950"]
[PlyCount "102"]
[EventDate "2016.05.05"]
[EventType "team"]
[EventRounds "5"]
[EventCountry "FRA"]
[WhiteTeam "Clichy"]
[BlackTeam "Villepinte"]

1. e4 c5 2. c3 d6 3. d4 cxd4 4. cxd4 Nf6 5. Nc3 a6 6. Bc4 e6 7. Nf3 b5 8. Bd3
Bb7 9. Qe2 Be7 10. O-O O-O 11. Rd1 Qc7 12. h3 Nbd7 13. Bf4 b4 14. Na4 Qa5 15.
b3 e5 16. Bd2 exd4 17. Nxd4 d5 18. Nf5 Qd8 19. exd5 Nxd5 20. Nxe7+ Nxe7 21.
Bxb4 Re8 22. Bxh7+ Kxh7 23. Qd3+ Ng6 24. Qxd7 Qb8 25. Bd6 Qa7 26. Nc5 Be4 27.
Qxa7 Rxa7 28. Nxe4 Rxe4 29. Re1 Rxe1+ 30. Rxe1 Rd7 31. Bb4 Nf4 32. Re3 Rd1+ 33.
Kh2 Ra1 34. Bd6 Nd5 35. Rd3 Nf6 36. a4 Ne4 37. f3 Ng5 38. Rd5 Ne6 39. Ra5 Nd4
40. b4 Ra2 41. Rxa6 Nxf3+ 42. Kg3 Ne1 43. b5 Rxg2+ 44. Kf4 Rb2 45. Ra7 Rd2 46.
Be5 Rd3 47. b6 Rb3 48. a5 Kg6 49. Ke4 Rd3 50. b7 f5+ 51. Kf4 Ng2# 0-1

[Event "Women Team Championship Preliminaries"]
[Site "Mulhouse"]
[Date "2016.05.08"]
[Round "5.4"]
[White "Dieuleveut, Floriane"]
[Black "Milroy, Melena"]
[Result "0-1"]
[WhiteElo "1816"]
[BlackElo "1510"]
[PlyCount "86"]
[EventDate "2016.05.05"]
[EventType "team"]
[EventRounds "5"]
[EventCountry "FRA"]
[WhiteTeam "Villepinte"]
[BlackTeam "Clichy"]

1. e4 d5 2. exd5 Nf6 3. Nc3 Nxd5 4. Bc4 Nb6 5. Bb3 Nc6 6. a3 Bf5 7. d3 e6 8.
Nge2 Bc5 9. Ng3 Bg6 10. Nce4 Be7 11. Be3 Nd5 12. Ba4 Nxe3 13. Bxc6+ bxc6 14.
fxe3 f5 15. Nd2 Rb8 16. Nc4 Bf6 17. Rb1 O-O 18. O-O Qd7 19. Kh1 Qd5 20. Nh5 Be7
21. Nf4 Qd7 22. Ne5 Qe8 23. Nexg6 hxg6 24. Nxe6 Rf6 25. Nf4 Bd6 26. Qf3 g5 27.
Ne2 Rh6 28. g3 g6 29. Rf2 g4 30. Qg2 Qxe3 31. b3 Kg7 32. Qg1 Rbh8 33. a4 Qc5
34. Rc1 Qd5+ 35. Rg2 Rh3 36. Qd4+ Qxd4 37. Nxd4 Bxg3 38. Kg1 Bxh2+ 39. Kf2 Bd6
40. Nxc6 Rf3+ 41. Ke2 Re8+ 42. Kd2 Bf4+ 43. Kc3 Bxc1 0-1